| 000 | 00529nam a2200181 i 4500 | ||
|---|---|---|---|
| 001 | 59919 | ||
| 003 | ES-MaACL | ||
| 005 | 20230906164124.0 | ||
| 007 | t| | ||
| 008 | 031031s1968 sp |||| | spa d | ||
| 100 | 1 |
_aEschenbach, Ursula. _947537 |
|
| 245 | 1 | 3 |
_aLa mujer _b: ¿un ser desconcertante? / _cUrsula Eschenbach ; [tradujo, Ana Agud]. |
| 260 |
_aSalamanca : _bSígueme, _c1968. |
||
| 300 |
_a141 p. ; _c19 cm. |
||
| 650 | 0 | 4 |
_aMujeres- _xPsicología. _915309 |
| 700 | 1 |
_aAgud, Ana. _918643 |
|
| 852 |
_aES-MaACL _jC-51482 |
||
| 999 |
_c59919 _d59919 |
||